| 000 | 00452nam a2200193Ia 4500 | ||
|---|---|---|---|
| 005 | 20250423094843.0 | ||
| 008 | 250422s9999 xx 000 0 und d | ||
| 020 | _a9781259060694 | ||
| 050 | _aQH 308.2 .M33/ | ||
| 100 | _aMader, Sylvia S. | ||
| 245 | 0 | _aConcepts of biology | |
| 250 | _a3rd ed. | ||
| 260 | _aNew York | ||
| 260 | _bMcGraw Hill Education | ||
| 260 | _c2014 | ||
| 300 | _a821 p | ||
| 650 | _aBiology--Textbooks. | ||
| 942 | _cBK | ||
| 999 |
_c28497 _d28497 |
||